000 03381nam a22003857a 4500
005 2010072907447.0
010 _aHIN-89762 B-433960-969
020 _a9788121614931
_c150.00
035 _aHN-62108
035 _aB-433960-969
037 _bDBAD / PUB
037 _bब्ल्यू बेरी
082 _a
100 _aरूज़बेह एन.भरूचा
_930277
245 _aफ़क़ीर /
_cरूज़बेह एन.भरूचा; डॉली भसीन द्वारा अनुदित
246 _aFakir
_bby Ruzbeh N.Bharucha
260 _aनई दिल्ली
_bहिन्द पॉकेट बुक्स
_c2010
270 _aजे-40, जोरबाग लेन
_bनई दिल्ली
_e110003
300 _a232पृ
_c18सेमी (अजिल्द)
650 _aहिन्दी उपन्यास
_930278
700 _92266
942 _2ddc
_cHN
_h
_mरूज़बे
999 _c38140
_d38140